000 00832nam a2200253Ia 4500
003 OSt
005 20220923215437.0
006 a|||||r|||| 00| 0
007 ta
008 220922b |||||||| |||| 00| 0 hin d
024 _a178,785
037 _cTextual
040 _aARTS
_cARTS
_bhin
041 _2hin
_ahin
082 _aO152,1I80:g, M4
100 _aशर्मा, यज्ञदत्त
245 0 _aजायसी साहित्य और सिद्धान्त
246 _aJāyasī sāhitya aur siddhānta
260 _aसोनीपत
_b अक्षरम्
_c1984
300 _a124 पृ.
_ccm.
650 _aहिन्दी साहित्य
_9156264
942 _hO152,1I80:g, M4
_cTEXL
_2CC
999 _c332166
_d332166